<?xml version="1.0" encoding="UTF-8"?>
<collection xmlns="http://www.loc.gov/MARC21/slim">
 <record>
  <leader>02070nma a2200217 a 4500</leader>
  <controlfield tag="001">1/35615</controlfield>
  <controlfield tag="008">081015suuuu    enk    f   ba       eng  </controlfield>
  <datafield tag="035" ind1=" " ind2=" ">
   <subfield code="l">38131</subfield>
  </datafield>
  <datafield tag="040" ind1=" " ind2=" ">
   <subfield code="a">GR-PeUP</subfield>
  </datafield>
  <datafield tag="082" ind1="0" ind2="0">
   <subfield code="a">CD-ROM 005.43 ENT</subfield>
  </datafield>
  <datafield tag="245" ind1="0" ind2="0">
   <subfield code="a">Enter Home</subfield>
   <subfield code="h">[computer file] :</subfield>
   <subfield code="b">προετοιμασία εξετάσεων ECDL.</subfield>
  </datafield>
  <datafield tag="260" ind1="0" ind2=" ">
   <subfield code="a">Αθήνα :</subfield>
   <subfield code="b">Inte*learn.</subfield>
  </datafield>
  <datafield tag="300" ind1=" " ind2=" ">
   <subfield code="a">2 computer laser optical disk ;</subfield>
   <subfield code="c">4 3/4 in.</subfield>
  </datafield>
  <datafield tag="500" ind1=" " ind2=" ">
   <subfield code="a">Το CD 1 είναι εκπαιδευτικό υλικό και το CD 2 είναι εξεταστικό υλικό.</subfield>
  </datafield>
  <datafield tag="520" ind1="0" ind2=" ">
   <subfield code="a">Απαραίτητο βοήθημα για την επαγγελματική σας σταδιοδρομία, παρουσιάσεις video για εκμάθηση θεωρίας, ασκήσεις εμπέδωσης της ύλης, εκαντοντάδες ερωτήσεις INATES (IN Application TESting), περιλαμβάνει 2 CD.</subfield>
  </datafield>
  <datafield tag="538" ind1=" " ind2=" ">
   <subfield code="a">Ελάχιστες απαιτήσεις συστήματος: Pentium III 350 MHz ή ανώτερος; 256 MB RAM ή μεγαλύτερη; SVGA κάρτα γραφικών, ανάλυση οθόνης 800 Χ 600 στα εκατομμύρια χρώματα για το εξεταστικό υλικό και 1024 χ 768 για το εκπαιδευτικό υλικό; Windows 2000 ή XP ή 2003 (ελληνική ή αγγλική έκδοση); Microsoft Office 2000 ή XP ή 2003 (ελληνική ή αγγλική έκδοση); Internet Explorer 6 ή 7 &amp; Outlook Express 6 (ελληνική ή αγγλική έκδοση); Σύνδεση στο INTERNET (μόνο για το online εκπαιδευτικό υλικό).</subfield>
  </datafield>
  <datafield tag="650" ind1=" " ind2="4">
   <subfield code="a">CD-ROMs.</subfield>
  </datafield>
  <datafield tag="650" ind1=" " ind2="4">
   <subfield code="a">European computer driving licence.</subfield>
  </datafield>
  <datafield tag="650" ind1=" " ind2="4">
   <subfield code="a">Λειτουργικά συστήματα.</subfield>
  </datafield>
  <datafield tag="852" ind1=" " ind2=" ">
   <subfield code="a">INST</subfield>
   <subfield code="b">UNIPILB</subfield>
   <subfield code="c">MMEDIA</subfield>
   <subfield code="e">20081015</subfield>
   <subfield code="h">CD-ROM 005.43 ENT</subfield>
   <subfield code="p">00156536</subfield>
   <subfield code="q">00156536</subfield>
   <subfield code="t">LOAN</subfield>
   <subfield code="y">0</subfield>
   <subfield code="4">1</subfield>
  </datafield>
  <datafield tag="852" ind1=" " ind2=" ">
   <subfield code="a">INST</subfield>
   <subfield code="b">UNIPILB</subfield>
   <subfield code="c">MMEDIA</subfield>
   <subfield code="e">20081015</subfield>
   <subfield code="h">CD-ROM 005.43 ENT</subfield>
   <subfield code="p">00156537</subfield>
   <subfield code="q">00156537</subfield>
   <subfield code="t">LOAN</subfield>
   <subfield code="y">0</subfield>
   <subfield code="4">2</subfield>
  </datafield>
 </record>
</collection>
